ديوان العرجى / (رقم التسجيلة. 177288)

تفاصيل مارك
000 -LEADER
fixed length control field 01339namaa22003251i 4500
003 - CONTROL NUMBER IDENTIFIER
control field EG-GICUC
005 - DATE AND TIME OF LATEST TRANSACTION
control field 20260101143153.0
008 - FIXED-LENGTH DATA ELEMENTS--GENERAL INFORMATION
fixed length control field 260101s1956 iq ||||jr|||| 000 0 ara d
040 ## - CATALOGING SOURCE
Original cataloging agency EG-GiCUC
Language of cataloging ara
Transcribing agency EG-GiCUC
Modifying agency EG-GiCUC
Description conventions rda
082 04 - DEWEY DECIMAL CLASSIFICATION NUMBER
Edition number 21
Classification number 811.008
Item number A659
092 04 - LOCALLY ASSIGNED DEWEY CALL NUMBER (OCLC)
Edition number 21
Classification number 811.008
Item number A659
099 ## - LOCAL FREE-TEXT CALL NUMBER (OCLC)
Classification number 811.008 A659
100 1# - MAIN ENTRY--PERSONAL NAME
Personal name عرجي، عبد الله بن عمر
Dates associated with a name 694-738
Relator term مؤلف.
245 1# - TITLE STATEMENT
Title ديوان العرجى /
Statement of responsibility, etc. رواية أبى الفتح الشيخ عثمان بن جنى ؛ شرحه وحققه خضر الطائى، رشيد العبيدى
250 ## - EDITION STATEMENT
Edition statement الطبعة الاولى
264 ## - PRODUCTION, PUBLICATION, DISTRIBUTION, MANUFACTURE, AND COPYRIGHT NOTICE
Place of production, publication, distribution, manufacture بغداد ( العراق) :
Name of producer, publisher, distributor, manufacturer الشركة الاسلامية للطباعة والنشر،
Date of production, publication, distribution, manufacture, or copyright notice 1956
300 ## - PHYSICAL DESCRIPTION
Extent 213، 5 صفحة
Dimensions 24 سم
336 ## - CONTENT TYPE
Source rdacontent
Content type term text
337 ## - MEDIA TYPE
Source rdamedia
Media type term Unmediated
338 ## - CARRIER TYPE
Source rdacarrier
Carrier type term volume
504 ## - BIBLIOGRAPHY, ETC. NOTE
Bibliography, etc. note يشتمل على ارجاعات ببليوجرافية
541 ## - IMMEDIATE SOURCE OF ACQUISITION NOTE
Source of acquisition د. جابر عصفور ؛
Address القاهرة ؛
Method of acquisition إهداء ؛
Date of acquisition 2024.
600 ## - SUBJECT ADDED ENTRY--PERSONAL NAME
Personal name عرجي، عبد الله بن عمر
Dates associated with a name 694-738
650 17 - SUBJECT ADDED ENTRY--TOPICAL TERM
Topical term or geographic name entry element الشعر العربى
General subdivision دواوين وقصائد
Source of heading or term qrmak
651 1# - SUBJECT ADDED ENTRY--GEOGRAPHIC NAME
Source of heading or term qrmak
700 1# - ADDED ENTRY--PERSONAL NAME
Personal name الطائى، خضر
Relator term محقق.
700 1# - ADDED ENTRY--PERSONAL NAME
Personal name العبيدى، رشيد
Relator term محقق.
905 ## - Cataloger and Reviser Names
Cataloger Name Huda
942 ## - ADDED ENTRY ELEMENTS (KOHA)
Source of classification or shelving scheme Dewey Decimal Classification
Koha item type Books
Edition 21
Suppress in OPAC No
المقتنيات
Withdrawn status Lost status Source of classification or shelving scheme Damaged status Not for loan Home library Current library Date acquired Inventory number Total checkouts Full call number Barcode Date last seen Price effective from Koha item type
    Dewey Decimal Classification   Not for loan المكتبة المركزبة الجديدة - جامعة القاهرة قاعة المكتبات المهداة - الدور الرابع 01.01.2026 173095   811.008 A659 J.U. 01000100173095000 01.01.2026 01.01.2026 Books
Cairo University Libraries Portal Implemented & Customized by: Eng. M. Mohamady Contacts: new-lib@cl.cu.edu.eg | cnul@cl.cu.edu.eg
CUCL logo CNUL logo
© All rights reserved — Cairo University Libraries
CUCL logo
Implemented & Customized by: Eng. M. Mohamady Contact: new-lib@cl.cu.edu.eg © All rights reserved — New Central Library
CNUL logo
Implemented & Customized by: Eng. M. Mohamady Contact: cnul@cl.cu.edu.eg © All rights reserved — Cairo National University Library